Roblox RIVALS Weapons by Image - Statistics

General Stats
  • This quiz has been taken 101 times
  • The average score is 38 of 52
Answer Stats
Picture Answer % Correct
Bow
99%
Shotgun
97%
Sniper
97%
RPG
96%
Grenade
91%
Crossbow
90%
Minigun
90%
Assault Rifle
87%
Gunblade
86%
Katana
86%
Knife
86%
Paintball Gun
84%
Flamethrower
83%
Chainsaw
81%
Medkit
81%
Revolver
81%
Fists
80%
Shorty
80%
Slingshot
80%
Uzi
80%
Grenade Launcher
78%
Burst Rifle
77%
Daggers
75%
Scythe
75%
Flare Gun
74%
Energy Rifle
71%
Handgun
71%
Riot Shield
71%
Spray
71%
Battle Axe
70%
Flashbang
70%
Grapple
70%
Permafrost
70%
Smoke Grenade
70%
Trowel
70%
Energy Pistols
67%
Exogun
67%
Jump Pad
67%
Molotov
65%
Maul
64%
War Horn
64%
Distortion
62%
Warper
62%
Freeze Ray
59%
Satchel
58%
Subspace Tripmine
58%
Glass Shard
52%
Warpstone
52%
Glass Cannon
51%
Scepter
39%
RNG Dice
38%
Elixir
35%
No matching quizzes found
Score Distribution
Percent of People with Each Score
Percentile by Number Answered
Your Score History
You have not taken this quiz